| 000 | 00603nam a2200193Ia 4500 | ||
|---|---|---|---|
| 999 |
_c10391 _d10391 |
||
| 003 | OSt | ||
| 005 | 20191218151146.0 | ||
| 008 | 190216s9999||||xx |||||||||||||| ||und|| | ||
| 020 | _a780761932468 | ||
| 040 | _coclc | ||
| 082 |
_a338.95483 _bPRA/K |
||
| 100 |
_aPrakash, B A _9512 |
||
| 245 | 0 |
_aKerala`s Economic Development Performance And Problems In The Post Liberalisation Period / _c B A Prakash |
|
| 250 | _a2nd ed. | ||
| 260 |
_bSage Publications, _c1999. _aNew Delhi: |
||
| 300 | _a390p | ||
| 650 | _aEconomics | ||
| 942 |
_cBK _2ddc _h338.95483 _iPRA/K _k338.95483 _mPRA/K |
||